| 000 | 01734nam0a2200337 4500 | ||
|---|---|---|---|
| 001 | RU\NLR\bibl\363875 | ||
| 005 | 20250621161426.0 | ||
| 035 | _a(NLR Aleph) 000358464 | ||
| 090 |
_a320480 _c320480 |
||
| 100 | _a20030206d1997 |||y0rusy50 ca | ||
| 101 | 0 |
_arus _deng _erus _eeng |
|
| 102 | _aRU | ||
| 105 | _aa ||||||||| | ||
| 200 | 1 |
_aНовые страницы в изучении палеолита Афонтовой горы _dNew pages in Paleolitic of Afontova Gora research _fДроздов Н.И., Артемьев Е.В. _gМеждунар. Союз по изучению четвертич. периода (ИНКВА). Ком. по эволюции и палеоэкологии человека. Подком. по геоархеологии палеолита и др. _zeng |
|
| 210 |
_aМ. _cБ.и. _d1997 |
||
| 215 |
_a56 с. _cил. _d20 |
||
| 225 | 1 |
_aINQUA. S-C.G.P. _v1 |
|
| 300 | _aАвт. также на англ. яз.: Drozdov N.I., Artemyev E.V. | ||
| 300 | _aВ надзаг. также: Рос. фонд фундамент. исслед. (РФФИ), Ин-т археологии и этнографии СО РАН, Краскояр. гос. пед. ун-т | ||
| 300 | _aРез. на англ. яз. | ||
| 320 | _aБиблиогр.: с. 35-36 | ||
| 510 | 0 |
_aNew pages in Paleolitic of Afontova Gora research _zeng |
|
| 607 |
_aАфонтова гора _92275586 _3RU\NLR\auth\661363697 |
||
| 686 | _aТ4(2)225.1 | ||
| 700 | 1 |
_aДроздов _bН. И. _gНиколай Иванович _4070 |
|
| 701 | 1 |
_aАртемьев _bЕ. В. _gЕвгений Владимирович _4070 |
|
| 801 | 0 |
_aRU _bNLR _c20030206 _gPSBO |
|
| 801 | 1 |
_aRU _bNLR _c20030206 |
|
| 942 | _cBOOK | ||
| 980 | _aNB | ||